000 00717nam a2200193 i 4500
001 163573
003 ES-MaACL
005 20230906212752.0
008 050714m18851888sp | |||||||| ||spa d
040 _aCAM
_bspa
_cCAM
100 1 _aRiudavets y Tudury, Pedro.
_9131843
245 1 0 _aHistoria de la isla de Menorca /
_cpor Pedro Riudavets y Tudury.
260 _aMahon :
_b[s.n.],
_c1885-1888 (
_fImprenta de Bernardo Fabregues)
300 _aXIV, 2331 p. ;
_c22 cm.
597 _aT.I, 1885 (XIV, 646 p.) - T.II, 1887 (pp. 647]-1953) - T.III, 1888 (pp. [1955]-2331)
597 _a1 t. en 3 v.
651 4 _aMenorca-
_xHistoria.
_9137257
852 _aES-MaACL
_jG-782-84
_z-- Enc. piel con hierros y cortes dorados
999 _c163573
_d163573